Me, myself and you / (Record no. 284317)
[ view plain ]
| 000 -LEADER | |
|---|---|
| fixed length control field | 00635cjm a22002295a 4500 |
| 001 - CONTROL NUMBER | |
| control field | 13671643 |
| 003 - CONTROL NUMBER IDENTIFIER | |
| control field | PILC |
| 005 - DATE AND TIME OF LATEST TRANSACTION | |
| control field | 20150522150206.0 |
| 007 - PHYSICAL DESCRIPTION FIXED FIELD--GENERAL INFORMATION | |
| fixed length control field | sd fsngnnmmned |
| 008 - FIXED-LENGTH DATA ELEMENTS--GENERAL INFORMATION | |
| fixed length control field | 040730s2003 vauuun |
| 035 ## - SYSTEM CONTROL NUMBER | |
| System control number | (DLC)13671643 |
| 040 ## - CATALOGING SOURCE | |
| Original cataloging agency | DLC |
| Transcribing agency | DLC |
| 050 00 - LIBRARY OF CONGRESS CALL NUMBER | |
| Classification number | BF 637.S4 |
| Item number | .C712 1969 |
| 100 1# - MAIN ENTRY--PERSONAL NAME | |
| Personal name | Collins, Vincent P. |
| 245 10 - TITLE STATEMENT | |
| Title | Me, myself and you / |
| Statement of responsibility, etc | Vincent P. Collins. |
| 260 ## - PUBLICATION, DISTRIBUTION, ETC. (IMPRINT) | |
| Place of publication, distribution, etc | USA : |
| Name of publisher, distributor, etc | Abbey Press, |
| Date of publication, distribution, etc | 1969. |
| 300 ## - PHYSICAL DESCRIPTION | |
| Extent | 124 pages ; |
| Other physical details | 19 cm. |
| 650 ## - SUBJECT ADDED ENTRY--TOPICAL TERM | |
| Topical term or geographic name as entry element | Self actualization. |
| 906 ## - LOCAL DATA ELEMENT F, LDF (RLIN) | |
| a | 0 |
| b | ibc |
| c | srrepla |
| d | 3 |
| e | ncip |
| f | 20 |
| g | y-genmusic |
| 942 ## - ADDED ENTRY ELEMENTS (KOHA) | |
| Source of classification or shelving scheme | Library of Congress Classification |
| Koha item type | Books |
| Call number prefix | Foreign |
| Withdrawn status | Lost status | Source of classification or shelving scheme | Damaged status | Home library | Current library | Shelving location | Date acquired | Source of acquisition | Total Checkouts | Total Renewals | Full call number | Barcode | Date last seen | Date checked out | Price effective from | Koha item type |
|---|---|---|---|---|---|---|---|---|---|---|---|---|---|---|---|---|
| Library of Congress Classification | Archives | Archives | 05/22/2015 | Library Fund | 1 | 6 | BF 637.S4 .C712 1969 | C19347 | 05/15/2018 | 07/03/2017 | 05/22/2015 | Books |